000 00513nam a2200205Ia 4500
003 0100
008 130303s9999 xx 000 0 und d
040 _cARRUPELIB
050 _aBJ1249.C814
100 _aCurran, Charles E.
245 _aCritical concerns in moral theology
260 _aNotre Dame
260 _bUniversity of Notre Dame Press
260 _C1984
300 _a264p.
300 _b 23 cm
650 _bGalilei, Galileo, 1564-1642
650 _cPhilosophy of nature
942 _2lcc
_01
999 _c64900
_d64900